Random Historical Flags - Statistics

General Stats
  • This quiz has been taken 77 times
  • The average score is 12 of 16
Answer Stats
Picture Answer % Correct
Soviet Union
99%
Joseon Dynasty
93%
German Empire
91%
Qing Dynasty
91%
Roman Empire
90%
Austrian Empire
83%
Holy Roman Empire
83%
Union of South Africa
80%
Kingdom of Portugal
79%
Tibet
79%
Mongol Empire
77%
Siam
70%
Polish-Lithuanian Commonwealth
67%
Kalmar Union
59%
Papal States
53%
United Provinces of Central America
49%
No matching quizzes found
Score Distribution
Percent of People with Each Score
Percentile by Number Answered
Your Score History
You have not taken this quiz